| 000 | 02311cam a22002054a 4500 | ||
|---|---|---|---|
| 005 | 20250605163955.0 | ||
| 008 | 250528s ||||||||||||||||||||||||d | ||
| 035 | _a15433 | ||
| 020 | _a135515998 | ||
| 040 |
_aGR-AtMCL _bgre _dGR-AtMCL _eAACR2 |
||
| 245 | 1 | _aManagement Information Systems / Prentice-Hall International Editions | |
| 260 |
_bPrentice Hall, _c1989 |
||
| 300 | _a568 | ||
| 505 | 0 | _aInformation: Management's Strategic Advantage, Information Processing in Perspective, The MIS and Decision Support Systems, Artificial Intelligence and Expert Systems, Information Systems as a Competitive Strategy, The End User Computing Environment, Providers of Computer and Information Services, End User Computing, Personal Computing, MIS Concepts, Connectivity and Data Communications, Data Management, Systems Planning and Development and Implementation, MIS Planning, Systems Development and Management, Systems Analysis and Programming, Prototyping and Application Development Tools, System Implementation, An MIS Case Study, Managing the Information and Computing Resources, Managing Information Services, Evaluation Selection and Acquisition of Hardware and Software, A Short Course in Computer Concepts, Hands-on Exercises: Electronic Spreadsheet and Graphics and Database, Glossary, Index. | |
| 520 | _aInformation: Management's Strategic Advantage, Information Processing in Perspective, The MIS and Decision Support Systems, Artificial Intelligence and Expert Systems, Information Systems as a Competitive Strategy, The End User Computing Environment, Providers of Computer and Information Services, End User Computing, Personal Computing, MIS Concepts, Connectivity and Data Communications, Data Management, Systems Planning and Development and Implementation, MIS Planning, Systems Development and Management, Systems Analysis and Programming, Prototyping and Application Development Tools, System Implementation, An MIS Case Study, Managing the Information and Computing Resources, Managing Information Services, Evaluation Selection and Acquisition of Hardware and Software, A Short Course in Computer Concepts, Hands-on Exercises: Electronic Spreadsheet and Graphics and Database, Glossary, Index. | ||
| 700 | 1 |
_aLong Larry _91356 |
|
| 942 | _cBK | ||
| 999 |
_c1013 _d1013 |
||